[Event "CZE-chT2A 1718"]
[Site "Czech Republic"]
[Date "2018.01.14"]
[Round "6.5"]
[White "Pribyl, Jaroslav"]
[Black "Krajic, Karel"]
[Result "1/2-1/2"]
[WhiteElo "1991"]
[BlackElo "2030"]
[PlyCount "120"]
[EventDate "2017.10.15"]
[EventType "team-tourn"]
[EventRounds "11"]
[EventCountry "CZE"]
[SourceTitle "EXT 2022"]
[Source "ChessBase"]
[SourceDate "2021.10.06"]
[SourceVersion "1"]
[SourceVersionDate "2021.10.06"]
[SourceQuality "1"]
[WhiteTeam "Sokolov"]
[BlackTeam "Most Chess"]
[WhiteTeamCountry "CZE"]
[BlackTeamCountry "CZE"]

1. e4 d6 2. d4 Nf6 3. Nc3 g6 4. Be3 Bg7 5. Qd2 Nbd7 6. Bh6 0-0 7. Bxg7 Kxg7 8. 0-0-0 c6 9. e5 Ne8 10. h4 h6 11. f4 Rh8 12. g4 Nf8 13. Be2 dxe5 14. fxe5 Qa5 15. Nh3 Nc7 16. h5 Nd5 17. g5 Nxc3 18. gxh6+ Rxh6 19. Qxc3 Qxc3 20. bxc3 Bxh3 21. Rxh3 e6 22. Rg3 Rd8 23. Rdg1 Rd7 24. Kd2 Nh7 25. Ke3 g5 26. c4 f6 27. exf6+ Kxf6 28. Rf1+ Ke7 29. c3 Kd6 30. c5+ Kc7 31. Kd3 Re7 32. c4 b6 33. cxb6+ axb6 34. a4 e5 35. Re3 Kd6 36. Rb1 exd4 37. Rxe7 Kxe7 38. Rxb6 Kd6 39. Kxd4 Rf6 40. a5 Rf4+ 41. Kc3 Kc5 42. Rb7 Nf6 43. Bd3 Nxh5 44. a6 Rf8 45. Re7 Nf4 46. Re5+ Kd6 47. Rxg5 Nxd3 48. Kxd3 c5 49. Rg6+ Kc7 50. Kc3 Kb8 51. Kb3 Ka7 52. Ka4 Rb8 53. Ka5 Rb4 54. Rg7+ Ka8 55. Rg4 Ka7 56. Rh4 Ka8 57. Rh8+ Ka7 58. Rh7+ Ka8 59. Rc7 Rxc4 60. Kb6 Rb4+ 1/2-1/2

[Event "CZE-chT2A 1718"]
[Site "Czech Republic"]
[Date "2017.12.03"]
[Round "4.4"]
[White "Pribyl, Jaroslav"]
[Black "Simet, Martin"]
[Result "0-1"]
[WhiteElo "1991"]
[BlackElo "2281"]
[PlyCount "94"]
[EventDate "2017.10.15"]
[EventType "team-tourn"]
[EventRounds "11"]
[EventCountry "CZE"]
[SourceTitle "EXT 2022"]
[Source "ChessBase"]
[SourceDate "2021.10.06"]
[SourceVersion "1"]
[SourceVersionDate "2021.10.06"]
[SourceQuality "1"]
[WhiteTeam "Sokolov"]
[BlackTeam "Klatovy"]
[WhiteTeamCountry "CZE"]
[BlackTeamCountry "CZE"]

1. d4 Nf6 2. c4 g6 3. Nc3 Bg7 4. e4 d6 5. Be2 0-0 6. Nf3 e5 7. 0-0 Nc6 8. d5 Ne7 9. b4 Ne8 10. c5 h6 11. Nd2 f5 12. f3 f4 13. Nc4 g5 14. Bd2 Rf6 15. Rc1 Rg6 16. Rc2 h5 17. Be1 Kh7 18. Kh1 Ng8 19. Bf2 Bd7 20. b5 dxc5 21. Bxc5 g4 22. Rd2 Nd6 23. a4 g3 24. Bd3 h4 25. Bxd6 cxd6 26. h3 Qc8 27. Qc2 Nh6 28. Rc1 Bxh3 29. gxh3 Qxh3+ 30. Kg1 Qd7 31. b6 h3 32. Bf1 a6 33. Na5 Rc8 34. Nxb7 Qxb7 35. Bxh3 Qxb6+ 36. Kg2 Rc4 37. Rh1 Qc5 38. Rd3 Rf6 39. Bf5+ Kh8 40. Be6 Rf8 41. Rb1 Bf6 42. Rb7 Bd8 43. Qb2 Ba5 44. Rb8 Rxb8 45. Qxb8+ Kg7 46. Qb7+ Bc7 47. Nd1 Rc2+ 0-1

[Event "Prague Holiday K22"]
[Site "Prague"]
[Date "2017.07.27"]
[Round "7"]
[White "Philipp, Mathias"]
[Black "Pribyl, Jaroslav"]
[Result "1-0"]
[WhiteElo "1982"]
[BlackElo "1951"]
[PlyCount "41"]
[EventDate "2017.07.23"]
[EventType "tourn"]
[EventRounds "9"]
[EventCountry "CZE"]
[SourceTitle "EXT 2023"]
[Source "ChessBase"]
[SourceDate "2022.10.05"]
[SourceVersion "1"]
[SourceVersionDate "2022.10.05"]
[SourceQuality "1"]

1. e4 c6 2. d4 d5 3. exd5 cxd5 4. Bd3 Nc6 5. c3 Qc7 6. h3 Nf6 7. Nf3 g6 8. 0-0 Bf5 9. Na3 a6 10. c4 e6 11. Bg5 Bxd3 12. Qxd3 dxc4 13. Qxc4 Nd5 14. Rfe1 Ncb4 15. Qb3 Bg7 16. Rac1 Qd6 17. Nc4 Qd7 18. Nfe5 Bxe5 19. dxe5 0-0 20. Red1 Rab8 21. Qxb4 1-0

[Event "Ricany op"]
[Site "Ricany"]
[Date "2016.08.29"]
[Round "4"]
[White "Pribyl, Jaroslav"]
[Black "Rut, Vojtech"]
[Result "0-1"]
[WhiteElo "1960"]
[BlackElo "2135"]
[PlyCount "105"]
[EventDate "2016.08.27"]
[EventType "swiss"]
[EventRounds "9"]
[EventCountry "CZE"]
[SourceTitle "CBM 174 Extra"]
[Source "ChessBase"]
[SourceDate "2016.10.10"]
[SourceVersion "1"]
[SourceVersionDate "2016.10.10"]
[SourceQuality "1"]

1. e4 c5 2. Nf3 Nc6 3. b3 e5 4. Bb2 d6 5. c3 Nf6 6. d3 Bg4 7. Nbd2 Be7 8. Be2 d5 9. exd5 Nxd5 10. 0-0 0-0 11. Nxe5 Nxe5 12. Bxg4 Nxd3 13. Qc2 Nxb2 14. Qxb2 Nxc3 15. Qxc3 Bf6 16. Qc2 Bxa1 17. Rxa1 Qd4 18. Qd1 Rad8 19. Nc4 Qf6 20. Qf1 b5 21. Ne3 Rd2 22. Bf3 Rfd8 23. h3 Qb2 24. Rd1 b4 25. Nc4 Rxd1 26. Nxb2 Rxf1+ 27. Kxf1 Rd2 28. Na4 Rc2 29. Bd5 Rxa2 30. Nxc5 Ra5 31. Nd3 Rxd5 32. Nxb4 Rb5 33. Nc6 a5 34. Ke2 Kf8 35. Kd2 Ke8 36. Nd4 Rg5 37. g3 Kd7 38. Kd3 Kd6 39. Nc2 Kc5 40. Kc3 Rh5 41. h4 Rf5 42. b4+ axb4+ 43. Nxb4 Rf3+ 44. Nd3+ Kd5 45. Kd2 Kd4 46. Nc1 Rxf2+ 47. Ne2+ Ke4 48. Ke1 Kf3 49. Nf4 Ra2 50. Nh5 g6 51. Nf6 h5 52. Nh7 Kxg3 53. Ng5 0-1

[Event "CZE-ch Seniors 60"]
[Site "Rychnov nad Kneznou"]
[Date "2015.08.21"]
[Round "7"]
[White "Kolek, Josef"]
[Black "Pribyl, Jaroslav"]
[Result "0-1"]
[WhiteElo "1798"]
[BlackElo "2022"]
[PlyCount "86"]
[EventDate "2015.08.15"]
[EventType "swiss"]
[EventRounds "9"]
[EventCountry "CZE"]
[SourceTitle "EXT 2016"]
[Source "ChessBase"]
[SourceDate "2015.10.08"]
[SourceVersion "1"]
[SourceVersionDate "2015.10.08"]
[SourceQuality "1"]

1. e4 c5 2. Nf3 Nc6 3. d4 cxd4 4. Nxd4 g6 5. Nc3 Bg7 6. Be3 Nf6 7. f3 0-0 8. Bc4 a5 9. Qd2 Ne5 10. Be2 d5 11. exd5 Nxd5 12. Nxd5 Qxd5 13. c3 Nc4 14. Bxc4 Qxc4 15. b3 Qc7 16. Rc1 Rd8 17. Qe2 Ra6 18. 0-0 Qe5 19. Qf2 Qh5 20. g4 Qd5 21. Rfd1 Rad6 22. Re1 b5 23. h3 h5 24. c4 bxc4 25. bxc4 Qe5 26. Nb5 Rd3 27. Bb6 Qf4 28. Be3 Qf6 29. Qe2 Bb7 30. Rf1 hxg4 31. hxg4 Qe6 32. Rfe1 Qc6 33. Rf1 e5 34. a4 e4 35. f4 Rb3 36. Rfd1 Rdd3 37. Rxd3 exd3 38. Qh2 Rb2 39. Bd2 Qf3 40. g5 Bf8 41. c5 Rc2 42. Nd6 Bd5 43. Rxc2 dxc2 0-1

[Event "Rychnov Seniors op"]
[Site "Rychnov nad Kneznou"]
[Date "2012.08.28"]
[Round "9"]
[White "Innemann, Frantisek"]
[Black "Pribyl, Jaroslav"]
[Result "1-0"]
[WhiteElo "1899"]
[BlackElo "2006"]
[PlyCount "107"]
[EventDate "2012.08.20"]
[EventType "swiss"]
[EventRounds "9"]
[EventCountry "CZE"]
[SourceTitle "CBM 150 Extra"]
[Source "ChessBase"]
[SourceDate "2012.10.19"]
[SourceVersion "1"]
[SourceVersionDate "2012.10.19"]
[SourceQuality "1"]

1. e4 d5 2. exd5 Nf6 3. Nc3 Nxd5 4. Nxd5 Qxd5 5. d4 c5 6. Be3 cxd4 7. Qxd4 Qxd4 8. Bxd4 Nc6 9. Bb5 Bd7 10. Bc3 a6 11. Be2 Bf5 12. 0-0-0 e6 13. g4 Bg6 14. h4 h5 15. g5 Rc8 16. Bd3 Bxd3 17. Rxd3 Nb4 18. Bxb4 Bxb4 19. Ne2 Ke7 20. Ng3 g6 21. Rb3 Bd6 22. Rxb7+ Bc7 23. Ne4 Rhd8 24. Rd1 Rxd1+ 25. Kxd1 Kf8 26. Ke2 Be5 27. c3 a5 28. Rb5 Bc7 29. a4 Ke7 30. Nc5 f6 31. gxf6+ Kxf6 32. Ne4+ Ke7 33. Nc5 Bd8 34. Nb7 Rc4 35. Nxd8 Kxd8 36. Rxa5 Rxh4 37. Rg5 Rxa4 38. Rxg6 Ke7 39. Rg5 h4 40. Kf3 Kf6 41. Rg4 Ra2 42. Rb4 Kg5 43. Rb5+ Kf6 44. Kg4 Ra1 45. Kxh4 Rg1 46. Kh3 e5 47. Rb8 Kf5 48. Kh2 Rg7 49. Rh8 Ke4 50. Rh3 Kd5 51. b3 Rb7 52. Kg2 e4 53. Rh5+ Ke6 54. b4 1-0

[Event "Rychnov Seniors op"]
[Site "Rychnov nad Kneznou"]
[Date "2012.08.21"]
[Round "2"]
[White "Pribyl, Jaroslav"]
[Black "Portych, Vaclav"]
[Result "1-0"]
[WhiteElo "2006"]
[BlackElo "1859"]
[PlyCount "41"]
[EventDate "2012.08.20"]
[EventType "swiss"]
[EventRounds "9"]
[EventCountry "CZE"]
[SourceTitle "CBM 150 Extra"]
[Source "ChessBase"]
[SourceDate "2012.10.19"]
[SourceVersion "1"]
[SourceVersionDate "2012.10.19"]
[SourceQuality "1"]

1. e4 c5 2. Nf3 Nc6 3. d4 cxd4 4. Nxd4 Nf6 5. Nc3 e5 6. Ndb5 d6 7. Bg5 a6 8. Na3 b5 9. Bxf6 gxf6 10. Nd5 Bg7 11. c4 bxc4 12. Nxc4 0-0 13. Bd3 Rb8 14. 0-0 Be6 15. Nce3 Rxb2 16. Qc1 Nb4 17. Qxb2 Nxd3 18. Qc2 Nc5 19. Rfd1 Re8 20. a4 a5 21. Nc4 1-0

[Event "Nachod op"]
[Site "Nachod"]
[Date "2012.07.02"]
[Round "3"]
[White "Pribyl, Jaroslav"]
[Black "Krejci, Jan"]
[Result "0-1"]
[WhiteElo "1930"]
[BlackElo "2205"]
[PlyCount "114"]
[EventDate "2012.06.30"]
[EventType "swiss"]
[EventRounds "9"]
[EventCountry "CZE"]
[SourceTitle "CBM 149 Extra"]
[Source "ChessBase"]
[SourceDate "2012.08.24"]
[SourceVersion "1"]
[SourceVersionDate "2012.08.24"]
[SourceQuality "1"]

1. d4 d5 2. Nf3 Nf6 3. c4 c6 4. cxd5 cxd5 5. Nc3 Nc6 6. Bf4 Bf5 7. e3 e6 8. Bd3 Qb6 9. a3 Bxd3 10. Qxd3 Be7 11. 0-0 0-0 12. b4 Rac8 13. Na4 Qd8 14. Rac1 Bd6 15. Ne5 Bxe5 16. Bxe5 Nxe5 17. dxe5 Rxc1 18. Rxc1 Ng4 19. h3 Nxe5 20. Qd4 Nc6 21. Qc5 a6 22. Nb6 Qh4 23. Qd6 Qd8 24. Qc5 f5 25. a4 f4 26. b5 axb5 27. axb5 Ne5 28. exf4 Nd3 29. Qxf8+ Qxf8 30. Rc8 Nxf4 31. Rxf8+ Kxf8 32. Nd7+ Ke7 33. Nc5 d4 34. Kf1 b6 35. Ne4 e5 36. g3 Nd5 37. Nd2 Ke6 38. f3 Ne3+ 39. Ke2 Kd5 40. Kd3 Kc5 41. f4 exf4 42. gxf4 Nf5 43. h4 Kxb5 44. h5 Kc5 45. Ke4 Nd6+ 46. Kd3 Kd5 47. Nf3 Nf5 48. Ng5 h6 49. Nf3 b5 50. Nd2 Ng3 51. Nf3 Nxh5 52. Nxd4 Nxf4+ 53. Ke3 b4 54. Nf5 Ne6 55. Kd3 Ke5 56. Nh4 g5 57. Nf3+ Kf4 0-1

[Event "Karlovy Vary op"]
[Site "Karlovy Vary"]
[Date "2011.04.29"]
[Round "2"]
[White "Chudinovskih, Alexander N"]
[Black "Pribyl, Jaroslav"]
[Result "1/2-1/2"]
[WhiteElo "2292"]
[BlackElo "2005"]
[PlyCount "28"]
[EventDate "2011.04.28"]
[EventType "swiss"]
[EventRounds "8"]
[EventCountry "CZE"]
[SourceTitle "CBM 142 Extra"]
[Source "ChessBase"]
[SourceDate "2011.06.27"]
[SourceVersion "1"]
[SourceVersionDate "2011.06.27"]
[SourceQuality "1"]

1. e4 d5 2. exd5 Nf6 3. Nf3 Nxd5 4. d4 Bg4 5. c4 Nb6 6. c5 Nd5 7. Qb3 Bxf3 8. Qxb7 Be4 9. Bb5+ Nd7 10. Nd2 Rb8 11. Bxd7+ Kxd7 12. Qxa7 Bxg2 13. Rg1 Ra8 14. Qb7 Rb8 1/2-1/2

[Event "CZE-chT2B 1011"]
[Site "Czech Republic"]
[Date "2011.01.09"]
[Round "5.8"]
[White "Pribyl, Jaroslav"]
[Black "Marecek, Vladislav"]
[Result "1-0"]
[WhiteElo "2011"]
[BlackElo "1675"]
[PlyCount "75"]
[EventDate "2010.10.17"]
[EventType "team-tourn"]
[EventRounds "11"]
[EventCountry "CZE"]
[SourceTitle "EXT 2012"]
[Source "ChessBase"]
[SourceDate "2011.11.24"]
[SourceVersion "1"]
[SourceVersionDate "2011.11.24"]
[SourceQuality "1"]
[WhiteTeam "Sokolov"]
[BlackTeam "Novoborsky III"]
[WhiteTeamCountry "CZE"]
[BlackTeamCountry "CZE"]

1. c4 e5 2. Nc3 Nf6 3. g3 Nc6 4. Bg2 Be7 5. Nf3 d6 6. d4 exd4 7. Nxd4 Bd7 8. 0-0 0-0 9. Nc2 Qc8 10. Ne3 Re8 11. Ncd5 Nxd5 12. Nxd5 Bf8 13. b3 Ne5 14. Bb2 c6 15. Nf4 Qc7 16. Qd2 Rad8 17. Rad1 Bf5 18. h3 Ng6 19. Nh5 Qe7 20. Rfe1 Ne5 21. Qd4 Bg6 22. Nf4 f6 23. Nxg6 Nxg6 24. Rd2 Qe5 25. Qd3 Qe7 26. Red1 Qc7 27. Qc3 Ne5 28. a4 Rd7 29. Qd4 Qb6 30. Qc3 Qc7 31. b4 Qd8 32. a5 a6 33. b5 axb5 34. cxb5 cxb5 35. Qb3+ Nf7 36. Qxb5 Re5 37. Bxe5 fxe5 38. Rb1 1-0

[Event "Karlovy Vary op"]
[Site "Karlovy Vary"]
[Date "2009.05.01"]
[Round "4"]
[White "Pribyl, Jaroslav"]
[Black "Tomandl, Vladimir"]
[Result "0-1"]
[WhiteElo "2055"]
[BlackElo "1841"]
[PlyCount "124"]
[EventDate "2009.04.29"]
[EventType "swiss"]
[EventRounds "7"]
[EventCountry "CZE"]
[SourceTitle "CBM 130 Extra"]
[Source "ChessBase"]
[SourceDate "2009.07.02"]
[SourceVersion "2"]
[SourceVersionDate "2009.07.15"]
[SourceQuality "1"]

1. d4 Nf6 2. Nf3 d6 3. c4 g6 4. Nc3 Bg7 5. Bg5 Nbd7 6. Qd2 c5 7. e3 0-0 8. Be2 b6 9. 0-0 Bb7 10. d5 a6 11. a4 h6 12. Bh4 Nh7 13. e4 Ndf6 14. Bg3 Nh5 15. Ne1 Nxg3 16. hxg3 Qc7 17. Rd1 Rad8 18. Nc2 e5 19. g4 Bc8 20. Ne3 Bd7 21. g3 Qc8 22. Rb1 h5 23. gxh5 Bh3 24. Ng2 g5 25. f3 f5 26. Bd3 f4 27. g4 Nf6 28. Be2 Nxg4 29. fxg4 Bxg4 30. Ne1 Bh6 31. Bxg4 Qxg4+ 32. Qg2 Qxh5 33. Qh2 Qg6 34. Kf2 g4 35. Ke2 Rd7 36. Kd1 f3 37. Nd3 Rh7 38. Rg1 Be3 39. Qg3 Bxg1 40. Qxg1 g3 41. Kc2 f2 42. Nxf2 Rxf2+ 43. Kb3 Rhh2 44. Ka3 Qg5 45. Rd1 Qe3 46. Rc1 Rhg2 47. Qd1 Rf3 48. a5 bxa5 49. Kb3 Rd2 50. Qh1 Rh2 51. Qd1 Rd2 52. Qh1 Rff2 53. Rb1 a4+ 54. Kxa4 Rh2 55. Qf1 Rdf2 56. Qd1 Rf3 57. Qb3 g2 58. Qb8+ Rf8 59. Qxd6 g1Q 60. Rxg1+ Qxg1 61. Qxe5 Qa1+ 62. Kb3 Qxb2+ 0-1

[Event "Karlovy Vary op"]
[Site "Karlovy Vary"]
[Date "2009.04.29"]
[Round "1"]
[White "Van Malde, Herman"]
[Black "Pribyl, Jaroslav"]
[Result "1/2-1/2"]
[WhiteElo "1713"]
[BlackElo "2055"]
[PlyCount "87"]
[EventDate "2009.04.29"]
[EventType "swiss"]
[EventRounds "7"]
[EventCountry "CZE"]
[SourceTitle "CBM 130 Extra"]
[Source "ChessBase"]
[SourceDate "2009.07.02"]
[SourceVersion "2"]
[SourceVersionDate "2009.07.15"]
[SourceQuality "1"]

1. d4 Nf6 2. Nc3 d6 3. e4 c6 4. Be3 b5 5. Bd3 e5 6. dxe5 dxe5 7. Nf3 Nbd7 8. 0-0 Be7 9. h3 0-0 10. Ne2 Qc7 11. Ng3 Nc5 12. Qe2 Bb7 13. Rfd1 Rad8 14. c3 Nxd3 15. Rxd3 Rxd3 16. Qxd3 Rd8 17. Qc2 c5 18. c4 b4 19. Ne1 Qc6 20. f3 Ne8 21. Nf5 Bf8 22. Rd1 Rxd1 23. Qxd1 g6 24. Nh6+ Bxh6 25. Bxh6 f5 26. Qd8 Kf7 27. Nd3 Ke6 28. Qd5+ Qxd5 29. exd5+ Kf6 30. Nxc5 Bc8 31. Kf2 g5 32. Nd3 Nd6 33. b3 e4 34. Nxb4 f4 35. c5 e3+ 36. Ke2 a5 37. cxd6 axb4 38. h4 Ba6+ 39. Ke1 Bb5 40. Bxg5+ Ke5 41. Be7 Bd7 42. Bf8 Kxd5 43. Ke2 Bb5+ 44. Ke1 1/2-1/2

[Event "Marianske Lazne op"]
[Site "Marianske Lazne"]
[Date "2009.01.25"]
[Round "9"]
[White "Pribyl, Jaroslav"]
[Black "Ossipov, Victor"]
[Result "0-1"]
[WhiteElo "2050"]
[BlackElo "2165"]
[PlyCount "116"]
[EventDate "2009.01.17"]
[EventType "swiss"]
[EventRounds "9"]
[EventCountry "CZE"]
[SourceTitle "CBM 128 Extra"]
[Source "ChessBase"]
[SourceDate "2009.03.05"]
[SourceVersion "2"]
[SourceVersionDate "2009.03.25"]
[SourceQuality "1"]

1. d4 d5 2. c4 c6 3. Nf3 Nf6 4. Nc3 e6 5. Bg5 Be7 6. e3 Nbd7 7. Rc1 0-0 8. Bd3 dxc4 9. Bxc4 b5 10. Bd3 Bb7 11. 0-0 a6 12. e4 c5 13. e5 Nd5 14. Ne4 cxd4 15. Bxe7 Qxe7 16. Bb1 f5 17. exf6 N7xf6 18. Nc5 Nf4 19. Qd2 Nh3+ 20. Kh1 Bxf3 21. gxf3 Qd6 22. Ne4 Qf4 23. Qxf4 Nxf4 24. Rc6 d3 25. Nc5 Rfd8 26. Rd1 d2 27. Nb3 Rd7 28. Rc2 Rd3 29. Rcxd2 Rxd2 30. Rxd2 a5 31. Rd1 a4 32. Nc5 Rc8 33. Ne4 N6d5 34. h4 b4 35. Kh2 a3 36. bxa3 bxa3 37. Ng5 h6 38. Nh3 Nc3 39. Re1 Nxh3 40. Kxh3 Nxb1 41. Rxb1 Rc2 42. Kg2 Rxa2 43. Rb7 Rb2 44. Ra7 a2 45. f4 h5 46. Kf3 Kh7 47. Ra6 Kg8 48. Ra7 Kf8 49. Ke3 Ke8 50. f3 Kd8 51. f5 exf5 52. Kf4 g6 53. Kg5 Rg2+ 54. Kf6 Kc8 55. f4 Kb8 56. Rxa2 Rxa2 57. Kxg6 Rg2+ 58. Kxf5 Rg4 0-1

[Event "CZE-chT2b 0607"]
[Site "Czech Republic"]
[Date "2006.11.19"]
[Round "3"]
[White "Pribyl, Jaroslav"]
[Black "Horak, Jiri"]
[Result "1/2-1/2"]
[WhiteElo "2035"]
[BlackElo "2225"]
[PlyCount "99"]
[EventDate "2006.10.15"]
[EventType "team"]
[EventRounds "11"]
[EventCountry "CZE"]
[SourceTitle "EXT 2009"]
[Source "ChessBase"]
[SourceDate "2008.11.26"]
[SourceVersion "1"]
[SourceVersionDate "2008.11.26"]
[SourceQuality "1"]

1. e4 e6 2. g3 d5 3. Bg2 dxe4 4. Nc3 Nf6 5. Nxe4 Nxe4 6. Bxe4 Nd7 7. d4 Nf6 8. Bg2 e5 9. Qe2 Qxd4 10. Nf3 Qb6 11. Qxe5+ Qe6 12. 0-0 Qxe5 13. Nxe5 Be7 14. Nc6 Bc5 15. b4 Bd6 16. c3 0-0 17. Na5 c6 18. Nc4 Bc7 19. a4 Be6 20. Ne3 a6 21. c4 Rfd8 22. Bb2 Rd2 23. Bxf6 gxf6 24. b5 axb5 25. axb5 Rxa1 26. Rxa1 cxb5 27. cxb5 b6 28. h4 Be5 29. Rd1 Rxd1+ 30. Nxd1 Bd4 31. Ne3 Bxe3 32. fxe3 Kf8 33. Kf2 Ke7 34. Bf1 Kd6 35. Kf3 Ke5 36. Bd3 h6 37. g4 Bb3 38. Kg3 Bd1 39. Bc4 Ke4 40. Bxf7 Kxe3 41. Be8 Be2 42. Bd7 Bd3 43. Be8 f5 44. gxf5 Bxf5 45. Bc6 Be6 46. Be8 Ke4 47. Bc6+ Kf5 48. Bf3 Ke5 49. Bc6 Bc4 50. Be8 1/2-1/2

[Event "Nachod op"]
[Site "Nachod"]
[Date "2006.07.02"]
[Round "2"]
[White "Pribyl, Jaroslav"]
[Black "Soural, Karel"]
[Result "0-1"]
[WhiteElo "2061"]
[BlackElo "2062"]
[PlyCount "54"]
[EventDate "2006.07.01"]
[EventType "swiss"]
[EventRounds "9"]
[EventCountry "CZE"]
[SourceTitle "CBM 113 Extra"]
[Source "ChessBase"]
[SourceDate "2006.09.14"]
[SourceVersion "1"]
[SourceVersionDate "2006.09.14"]
[SourceQuality "1"]

1. d4 d5 2. Nf3 Nf6 3. c4 e6 4. cxd5 exd5 5. Nc3 Be7 6. Bf4 0-0 7. h3 Bd6 8. Bg5 c6 9. Ne5 Nbd7 10. Bf4 Qe7 11. Nxd7 Bxd7 12. Bxd6 Qxd6 13. e3 Ne4 14. Nxe4 dxe4 15. a3 Rac8 16. Be2 Qg6 17. g3 Rfd8 18. b4 b6 19. Rc1 Qd6 20. Qc2 a5 21. Qxe4 axb4 22. axb4 Qxb4+ 23. Kf1 c5 24. Bd3 g6 25. dxc5 Qa3 26. c6 Qxc1+ 27. Ke2 Qb2+ 0-1

[Event "CZE-chT2J 0203"]
[Site "Czech Republic"]
[Date "2003.??.??"]
[Round "8"]
[White "Novak, Milan"]
[Black "Pribyl, Jaroslav"]
[Result "1/2-1/2"]
[WhiteElo "2062"]
[BlackElo "2014"]
[PlyCount "40"]
[EventDate "2002.10.??"]
[EventType "team"]
[EventRounds "11"]
[EventCountry "CZE"]
[SourceTitle "EXT 2007"]
[Source "ChessBase"]
[SourceDate "2006.11.23"]
[SourceVersion "1"]
[SourceVersionDate "2006.11.23"]
[SourceQuality "1"]

1. e4 d5 2. exd5 Nf6 3. Nf3 Nxd5 4. d4 g6 5. Be2 Bg7 6. 0-0 0-0 7. h3 Bf5 8. Bd3 Bxd3 9. Qxd3 Nc6 10. c3 a6 11. Bg5 b5 12. Nbd2 Nf6 13. Ne4 Qd5 14. Nxf6+ Bxf6 15. Bxf6 exf6 16. Rfe1 Rfe8 17. b3 Ne5 18. Nxe5 fxe5 19. Qe4 Qxe4 20. Rxe4 exd4 1/2-1/2

[Event "CZE-chT2J 0203"]
[Site "Czech Republic"]
[Date "2003.??.??"]
[Round "8"]
[White "Svetly, Jiri"]
[Black "Pribyl, Jaroslav"]
[Result "1/2-1/2"]
[WhiteElo "2014"]
[BlackElo "2014"]
[PlyCount "35"]
[EventDate "2002.10.??"]
[EventType "team"]
[EventRounds "11"]
[EventCountry "CZE"]
[SourceTitle "EXT 2007"]
[Source "ChessBase"]
[SourceDate "2006.11.23"]
[SourceVersion "1"]
[SourceVersionDate "2006.11.23"]
[SourceQuality "1"]

1. d4 Nf6 2. c4 g6 3. Nc3 Bg7 4. e4 0-0 5. Bg5 d6 6. f4 c5 7. d5 Qa5 8. Qd2 b5 9. cxb5 a6 10. bxa6 Bxa6 11. Bxa6 Nxa6 12. Nf3 Rfe8 13. 0-0 Rab8 14. e5 Nd7 15. Rae1 Nc7 16. Re2 Nb6 17. b3 c4 18. Rd1 1/2-1/2